The tabernacle: (Record no. 2517)

000 -LEADER
fixed length control field 00746nam a2200205 a 4500
001 - CONTROL NUMBER
control field :::00000242$&:&@@
003 - CONTROL NUMBER IDENTIFIER
control field OkBaRHE
005 - DATE AND TIME OF LATEST TRANSACTION
control field 20000607103237.0
008 - FIXED-LENGTH DATA ELEMENTS--GENERAL INFORMATION
fixed length control field s1967 j 000 0 eng u
040 ## - CATALOGING SOURCE
Transcribing agency
100 1# - MAIN ENTRY--PERSONAL NAME
Personal name McGee, J. Vernon, 1904-
245 14 - TITLE STATEMENT
Title The tabernacle:
Remainder of title God's portrait of Christ.
260 ## - PUBLICATION, DISTRIBUTION, ETC. (IMPRINT)
Place of publication, distribution, etc Los Angeles, CA., :
Name of publisher, distributor, etc Thru the Bible Books Foundation
Date of publication, distribution, etc 1967
300 ## - PHYSICAL DESCRIPTION
Extent 91 p. ;
Dimensions 20 cm.
650 ## - SUBJECT ADDED ENTRY--TOPICAL TERM
Topical term or geographic name as entry element Tabernacle
650 ## - SUBJECT ADDED ENTRY--TOPICAL TERM
Topical term or geographic name as entry element Typology (Theology)
942 ## - ADDED ENTRY ELEMENTS (KOHA)
Source of classification or shelving scheme
Koha item type Books
Copies
Permanent Location Withdrawn status Price effective from Damaged status Full call number Koha item type Date acquired Date checked out Total Checkouts Total Renewals Shelving location Not for loan Lost status Source of classification or shelving scheme Barcode Copy number Date last seen Current Location
RHEMA Bible Training College 2010-04-14 BM 654 .M44Books2010-04-142018-01-191 General Stacks   24212018-02-08RHEMA Bible Training College
RHEMA Bible Training College 2010-04-14 BM 654 .M44Books2010-04-142010-12-0325General Stacks   2076922018-01-09RHEMA Bible Training College